00361nam a2200145Ia 4500008004100000020001800041041000800059082001500067100001800082245004400100260002900144300000800173365001600181700001800197230718s9999 xx 000 0 und d a9780241351642 aeng a158.1bPET aPeterson J.B. a12 Rules For LifebAn Antidote To Chaos c2018bAllen Lane/Penguin a409 cRs.b699.00 aPeterson J.B.